|
|
|
|
| LEADER |
00000nam0a2200000 4500 |
| 001 |
68615 |
| 005 |
20231031075028.0 |
| 010 |
|
|
|a 5751118685
|
| 035 |
|
|
|a (RuTPU)RU\TPU\book\73067
|
| 090 |
|
|
|a 68615
|
| 100 |
|
|
|a 20041007d2004 k y0rusy50 ca
|
| 101 |
0 |
|
|a rus
|
| 102 |
|
|
|a RU
|
| 105 |
|
|
|a y z 001zy
|
| 200 |
1 |
|
|a Методология системного регулирования малого бизнеса в условиях развивающейся рыночной экономики
|f Л. М. Резников
|g под ред. В. А. Гага
|
| 210 |
|
|
|a Томск
|c Изд-во Томского ун-та
|d 2004
|
| 215 |
|
|
|a 214 с.
|
| 320 |
|
|
|a Библиогр.: с. 206-213.
|
| 330 |
|
|
|a Монография посвящена анализу методологических и теоретических аспектов регулирования малого бизнеса в условиях российских реформ. Раскрыт системный подход к анализу проблем развития российского малого бизнеса и представлены пути их решения. Рассмотрены экономические методы воздействия на развитие российского малого бизнеса со стороны государства. Для научных работников, студентов и аспирантов вузов.
|
| 610 |
1 |
|
|a экономика
|
| 610 |
1 |
|
|a бизнес
|
| 610 |
1 |
|
|a предпринимательство
|
| 610 |
1 |
|
|a малый бизнес
|
| 610 |
1 |
|
|a государственное регулирование
|
| 610 |
1 |
|
|a рыночная экономика
|
| 610 |
1 |
|
|a экономические реформы
|
| 610 |
1 |
|
|a методология
|
| 610 |
1 |
|
|a анализ
|
| 686 |
|
|
|a У9(2)292
|v LBC/SL-A
|2 rubbk
|
| 700 |
|
1 |
|a Резников
|b Л. М.
|g Леонид Михайлович
|
| 702 |
|
1 |
|a Гага
|b В. А.
|4 340
|
| 801 |
|
1 |
|a RU
|b 63413507
|c 20041007
|g PSBO
|
| 801 |
|
2 |
|a RU
|b 63413507
|c 20060512
|g PSBO
|
| 942 |
|
|
|c BK
|